书目信息 |
| 题名: |
煤气化装置用耐火材料与工程应用
|
|
| 作者: | 李红霞 编著 | |
| 分册: | ||
| 出版信息: | 北京 化学工业出版社 2020.11 |
|
| 页数: | 288页 | |
| 开本: | 24cm | |
| 丛书名: | ||
| 单 册: | ||
| 中图分类: | TQ545 , TQ175.79 | |
| 科图分类: | ||
| 主题词: | 煤气化--化工设备--耐火材料--研究 | |
| 电子资源: | ||
| ISBN: | 978-7-122-34163-1 | |
| 000 | 01037nam0 2200253 45 | |
| 001 | 012001001766 | |
| 005 | 20140912112819.0 | |
| 010 | @a978-7-122-34163-1@b精装@dCNY128.00 | |
| 100 | @a20201210d2020 em y0chiy50 ea | |
| 101 | 0 | @achi |
| 102 | @aCN@b110000 | |
| 105 | @aa az 000yy | |
| 106 | @ar | |
| 200 | 1 | @a煤气化装置用耐火材料与工程应用@Amei qi hua zhuang zhi yong nai huo cai liao yu gong cheng ying yong@f李红霞等编著 |
| 210 | @a北京@c化学工业出版社@d2020.11 | |
| 215 | @a288页@c图,照片@d24cm | |
| 320 | @a有书目 | |
| 330 | @a本书基于水煤浆、粉煤、碎煤等现代煤气化技术,概括了煤气化装置及其工作环境与耐火材料相关的特征,详细介绍了三种煤气化装置用耐火材料的组成、性能、制备、调控技术及发展趋势;基于计算和模拟提出了耐火材料的设计和施工过程,并结合几种典型煤气化装置工程应用案例,系统介绍了耐火材料的施工、维护和更换。 | |
| 606 | 0 | @a煤气化@x化工设备@x耐火材料@x研究 |
| 690 | @aTQ545@v5 | |
| 690 | @aTQ175.79@v5 | |
| 701 | 0 | @a李红霞@Ali hong xia@4编著 |
| 801 | 0 | @aCN@bBJSDL@c20211011 |
| 905 | @b1337132-5@dTQ545@e98@f4 | |
| 煤气化装置用耐火材料与工程应用/李红霞等编著.-北京:化学工业出版社,2020.11 |
| 288页:图,照片;24cm |
| ISBN 978-7-122-34163-1(精装):CNY128.00 |
| 本书基于水煤浆、粉煤、碎煤等现代煤气化技术,概括了煤气化装置及其工作环境与耐火材料相关的特征,详细介绍了三种煤气化装置用耐火材料的组成、性能、制备、调控技术及发展趋势;基于计算和模拟提出了耐火材料的设计和施工过程,并结合几种典型煤气化装置工程应用案例,系统介绍了耐火材料的施工、维护和更换。 |
| ● |
| 相关链接 |
|
|
|
|
正题名:煤气化装置用耐火材料与工程应用
索取号:TQ545/98
 
预约/预借
| 序号 | 登录号 | 条形码 | 馆藏地/架位号 | 状态 | 备注 |
| 1 | 1337132 | 213371322 | 第二样本阅览室/ [索取号:TQ545/98] | 在馆 | |
| 2 | 1337133 | 213371331 | 第三借阅区/ [索取号:TQ545/98] | 在馆 | |
| 3 | 1337134 | 213371340 | 第三借阅区/ [索取号:TQ545/98] | 在馆 | |
| 4 | 1337135 | 213371359 | 第三借阅区/ [索取号:TQ545/98] | 在馆 |